000 02350nam0a2200397 4500
001 RU\NLR\BIBL_A\012658396
005 20220215165832.0
010 _a978-5-7429-1385-6
_9300
021 _aRU
_bКН-П-21-049772
_9КН-П-21-3911
035 _a(NLR Aleph) 012658396
090 _a12747882
_c12747882
100 _a20211203d2021 k y0rusy50 ca
101 0 _arus
102 _aRU
105 _aa|||z|||1||z|
181 0 _ai3
_baxxe
182 0 _an
200 1 _aПартнерский приход
_eсотрудничество священников и мирян в развитии социальной деятельности в приходах РПЦ в начале XXI века
_eпо материалам исследовательских семинаров 2012-2015 гг. "Социология религии"
_eмонография
_fД.А. Орешина, П.В. Врублевская, И.В. Забаев, Е.Л. Павлюткина
_gПравославный Свято-Тихоновский гуманитарный университет
203 _aТекст
_bвизуальный
_cнепосредственный
210 _aМосква
_cПСТГУ
_d2021
215 _a318, [1] с., [4] л. цв. ил.
_cил.
_d21
300 _aВ макете авт.: Д.А. Орешина, П.В. Врублевская, И.В. Забаев [и др.]
320 _aБиблиогр.: с. 313-319
601 0 2 _aРусская православная церковь
_xСоциальное служение
_2nlr_sh2
_3RU\NLR\AUTH\6601557524
686 2 _aЭ372.24-374-021
701 1 _aОрешина
_bД. А.
_gДарья Андреевна
701 1 _aВрублевская
_bП. В.
_gПолина Викторовна
701 1 _aЗабаев
_bИ. В.
_cканд. социол. наук, социология религии
_f1980-
_gИван Владимирович
_3RU\NLR\AUTH\77116303
701 1 _aПавлюткина
_bЕ. Л.
_gЕлена Леонидовна
711 1 2 _a"Социология религии", исследовательский семинар
_f2012-2015
_eМосква
_3RU\NLR\AUTH\880556852
942 _cBOOK
980 _aNB